000 00804nam a2200253Ia 4500
003 OSt
005 20221005103240.0
006 a|||||r|||| 00| 0
007 ta
008 221004b |||||||| |||| 00| 0 hin d
024 _a112207
037 _cTextual
040 _aCRL
_cCRL
_bhin
041 _2hin
_ahin
082 _aO152,3N44,AJ, Q0
100 _aत्रिपाठी, एम. एल.
245 0 _aअभिजात जंगल
246 _aAbhijāt jangala
260 _aकोलकता
_bप्रभात प्रकाशन भारत
_c2010
300 _a240पृ0
_ccm.
650 _aहिन्दी साहित्य
942 _hO152,3N44,AJ, Q0
_cTEXL
_2cc
999 _c1009679
_d1009679